000 00639nam a2200205Ia 4500
005 20250508165232.0
008 008 250505s9999 xx 000 0 eng d
020 _a978-81-7658-072-4
037 _aTextBook
040 _aFEDL
_beng
_cFEDL
041 _aeng
_2eng
084 _a418.007, LEA/R
_qFEDL
100 _aLeakey Jonathan
_9780234
245 0 _aEvaluating computer- assisted language learning: An integrated approach to effectiveness research in CALL
260 _aOxford, UK
_bPeter Lang
_c2011
300 _axii, 308p.
365 _aUSD
_b66.95
942 _cTB
_h418.007, LEA/R
999 _c1393972
_d1393972